| 000 | 00807pam a2200277 a 4500 | ||
|---|---|---|---|
| 001 | 1842414 | ||
| 003 | NUST-PNEC | ||
| 005 | 20170114142449.0 | ||
| 008 | 810512s1982 nyua b 001 0 eng | ||
| 010 | _a 81008189 | ||
| 020 | _a0024241504 | ||
| 020 | _a0029776503 (International ed.) | ||
| 040 |
_aDLC _cDLC _dDLC |
||
| 050 | 0 | 0 |
_aQA276.12 _b.W36 1982 |
| 082 | 0 | 0 | _a519.5 WAL |
| 100 | 1 | _aWalpole, Ronald E. | |
| 245 | 1 | 0 |
_aIntroduction to statistics _cRonald E. Walpole. |
| 250 | _a3rd ed. | ||
| 260 |
_aNew York : _bMacmillan ; _aLondon : _bCollier Macmillan, _cc1982. |
||
| 300 |
_axv, 521 p. : _bill. ; _c24 cm. |
||
| 500 | _aIncludes index. | ||
| 504 | _aBibliography: p. 467-468. | ||
| 650 | 0 |
_aStatistics. _xBSMIS, ME |
|
| 906 |
_a7 _bcbc _corignew _d1 _eocip _f19 _gy-gencatlg |
||
| 942 |
_2ddc _cBK |
||
| 999 |
_c59983 _d59983 |
||